000 00644nam a22002417a 4500
003 UA-OsUOA
001 95748
007 ta
008 20130306b un ||||| |||| 00| 0 ukr d
100 _aКадыров П.
090 _a821.512.133
_bК13
942 _cBK
040 _aUA-OsUOA
_brus
_cUA-OsUOA
_dUA-OsUOA
245 _aБабур
_bроман
300 _a462 с.
955 _a3
041 _arus
080 _a821.512.133
260 _aМ.
_bСоветский писатель
_c1983
246 3 1 _aЗвездные ночи
_n
650 7 _a82 Література. Літературознавство
_2UDC
999 _c381994
_d381994